[Event "Maidenhead Berks & Bucks B"]
[Site "Maidenhead"]
[Date "2019.08.25"]
[Round "3"]
[White "Rush, Steven"]
[Black "Silver, Michael"]
[Result "0-1"]
[WhiteElo "1453"]
[BlackElo "1732"]
[PlyCount "96"]
[EventDate "2019.08.24"]
[EventType "swiss"]
[EventRounds "6"]
[EventCountry "ENG"]
[SourceTitle "EXT 2025"]
[Source "ChessBase"]
[SourceDate "2024.10.14"]
[SourceVersion "1"]
[SourceVersionDate "2024.10.14"]
[SourceQuality "1"]

1. e4 c5 2. Nf3 g6 3. h4 d6 4. d4 cxd4 5. Qxd4 Nf6 6. h5 Nc6 7. Qa4 Nxh5 8. Nc3 Nf6 9. Bg5 Bg7 10. 0-0-0 Qa5 11. Qxa5 Nxa5 12. e5 dxe5 13. Bb5+ Nc6 14. Nxe5 0-0 15. Nxc6 bxc6 16. Bxc6 Rb8 17. Be3 a6 18. Rh4 Bb7 19. Bxb7 Rxb7 20. f3 e6 21. Bh6 Rfb8 22. Bxg7 Kxg7 23. b3 h5 24. Ra4 Rc7 25. Kb2 Rbc8 26. Rd3 Nd5 27. Nxd5 Rxc2+ 28. Ka3 exd5 29. g4 h4 30. g5 h3 31. Rh4 h2 32. f4 Rg2 33. Rxd5 Rc1 34. f5 gxf5 35. g6 h1Q 36. Rxh1 Rxh1 37. gxf7 Rf2 38. Rd7 Rhh2 39. Kb4 Rxa2 40. Kc5 Rhc2+ 41. Kb4 Re2 42. Rb7 Re6 43. Kc4 Rf6 44. f8B+ Kxf8 45. b4 f4 46. Kd5 f3 47. Ke5 Rf7 48. Rb8+ Kg7 0-1

[Event "Maidenhead Berks & Bucks B"]
[Site "Maidenhead"]
[Date "2019.08.24"]
[Round "1"]
[White "Arora, Tashika"]
[Black "Silver, Michael"]
[Result "1-0"]
[WhiteElo "1447"]
[BlackElo "1732"]
[PlyCount "83"]
[EventDate "2019.08.24"]
[EventType "swiss"]
[EventRounds "6"]
[EventCountry "ENG"]
[SourceTitle "EXT 2025"]
[Source "ChessBase"]
[SourceDate "2024.10.14"]
[SourceVersion "1"]
[SourceVersionDate "2024.10.14"]
[SourceQuality "1"]

1. d4 d5 2. Nf3 Nf6 3. Bf4 c5 4. e3 Nc6 5. Be2 Qb6 6. Nc3 c4 7. Qc1 Bf5 8. a3 e6 9. 0-0 Be7 10. Nh4 Bg4 11. Bxg4 Nxg4 12. Nf3 0-0 13. h3 Nf6 14. Rb1 a5 15. b3 Qa6 16. Nd2 b5 17. a4 bxa4 18. Nxa4 cxb3 19. Rxb3 Nb4 20. c4 Rfc8 21. c5 Nd3 22. Qb1 Nxf4 23. exf4 Bd8 24. Rc1 Bc7 25. g3 Qe2 26. Nf3 Rcb8 27. Re1 Qa6 28. Nb6 Bxb6 29. cxb6 Rb7 30. Rc1 Nd7 31. Rc7 Rab8 32. Qc2 Rxb6 33. Rxd7 Rxb3 34. Qxb3 Qc8 35. Qa4 g6 36. Ra7 Qc3 37. Qd7 Rf8 38. Kg2 Qd3 39. Ng5 Qf5 40. Qe7 h6 41. Nh7 Rb8 42. Nf6+ 1-0